Doa amalan [
| Format: | Book |
|---|---|
| Published: |
Kuala Lumpur :
Asa Trading ,
19-
|
| Subjects: |
MARC
| LEADER | 00000cam a2200000 7i4500 | ||
|---|---|---|---|
| 001 | 0000002187 | ||
| 002 | 000002384 | ||
| 005 | 20081127.0 | ||
| 020 | |a 000002384 | ||
| 090 | 0 | 0 | |a 297.4 |b DOA |
| 245 | 0 | 0 | |a Doa amalan [ |h video recording] |c disampaikan oleh Ustaz Md.Tahir bin Md.Yusoff Al-Haj |
| 260 | |a Kuala Lumpur : |b Asa Trading , |c 19- | ||
| 300 | |a 1 Video recording VHS (60 minutes) : |b col(PAL) | ||
| 500 | |a Library has 2 copies | ||
| 650 | 0 | 0 | |a Islamic religions |x Experience |x Life practice |
| 999 | |a 00082 |b VIDEO |c KOLEKSI AUDIO VIDEO |e PERPUSTAKAAN KOMUNITI PETALING JAYA | ||